Измерение протонной проводимости полимерной модифицированной мембраны ETFE; Изотопы: технологии, материалы и применение

מידע ביבליוגרפי
Parent link:Изотопы: технологии, материалы и применение.— 2018.— [С. 114]
מחבר ראשי: Вешкин И. А.
מחבר תאגידי: Национальный исследовательский Томский политехнический университет (ТПУ)
מחברים אחרים: Копцев М. Максим (научный руководитель), Северин А. В., Сохорева В. В. Валентина Викторовна
סיכום:Заглавие с титульного экрана
שפה:רוסית
יצא לאור: 2018
סדרה:Селекция и глубокая очистка трудно разделяемых веществ физико-химическими методами
נושאים:
גישה מקוונת:http://earchive.tpu.ru/handle/11683/52448
פורמט: אלקטרוני Book Chapter
KOHA link:https://koha.lib.tpu.ru/cgi-bin/koha/opac-detail.pl?biblionumber=629017

MARC

LEADER 00000naa2a2200000 4500
001 629017
005 20231101133535.0
035 |a (RuTPU)RU\TPU\conf\29414 
035 |a RU\TPU\conf\29413 
090 |a 629017 
100 |a 20190122d2018 k y0rusy50 ca 
101 0 |a rus 
102 |a RU 
105 |a y z 101zy 
135 |a drgn ---uucaa 
181 0 |a i  
182 0 |a b 
200 1 |a Измерение протонной проводимости полимерной модифицированной мембраны ETFE  |f И. А. Вешкин, М. О. Копцев, А. В. Северин  |g науч. рук. В. В. Сохорева 
203 |a Текст  |c электронный 
225 1 |a Селекция и глубокая очистка трудно разделяемых веществ физико-химическими методами 
230 |a 1 компьютерный файл (pdf; 321 Кб) 
300 |a Заглавие с титульного экрана 
320 |a [Библиогр.: с. 114 (3 назв.)] 
463 0 |0 (RuTPU)RU\TPU\conf\29266  |t Изотопы: технологии, материалы и применение  |o материалы V Международной научной конференции молодых ученых, аспирантов и студентов, г. Томск, 19-23 ноября 2018 г.  |f Национальный исследовательский Томский политехнический университет (ТПУ)  |v [С. 114]  |d 2018 
610 1 |a электронный ресурс 
610 1 |a труды учёных ТПУ 
610 1 |a протонная проводимость 
610 1 |a полимерные мембраны 
610 1 |a электрическая энергия 
610 1 |a водородная энергетика 
610 1 |a радиационно-химическая модификация 
610 1 |a топливные элементы 
700 1 |a Вешкин  |b И. А. 
701 1 |a Копцев  |b М.  |c физик  |c инженер Томского политехнического университета  |f 1994-  |g Максим  |2 stltpush  |3 (RuTPU)RU\TPU\pers\47298 
701 1 |a Северин  |b А. В. 
702 1 |a Сохорева  |b В. В.  |c физик  |c старший научный сотрудник Томского политехнического университета  |f 1944-  |g Валентина Викторовна  |2 stltpush  |4 727 
712 0 2 |a Национальный исследовательский Томский политехнический университет (ТПУ)  |c (2009- )  |2 stltpush  |3 (RuTPU)RU\TPU\col\15902 
801 2 |a RU  |b 63413507  |c 20230209  |g RCR 
856 4 |u http://earchive.tpu.ru/handle/11683/52448 
942 |c BK